FATCA v grafickém znázornění trochu jiný pohled na nový americký zákon
Princípy fungovania FATCA (Foreign Account Tax Compliant Act), nového amerického zákona o podávaní informácií pre daňové účely. Základné princípy a spôsoby zavádzania pravidiel FATCA.
Salvato in:
| Autore principale: | |
|---|---|
| Natura: | Capitolo di libro |
| Lingua: | ceco |
| Soggetti: | |
| Tags: |
Nessun Tag, puoi essere il primo ad aggiungerne!!
|
MARC
| LEADER | 00000naa a2200000 4500 | ||
|---|---|---|---|
| 001 | 0147494 | ||
| 005 | 20231211082116.7 | ||
| 041 | 0 | |a cze | |
| 044 | |a CZ | ||
| 245 | 1 | 0 | |a FATCA v grafickém znázornění |b trochu jiný pohled na nový americký zákon |c Jana Vlčková |
| 520 | |a Princípy fungovania FATCA (Foreign Account Tax Compliant Act), nového amerického zákona o podávaní informácií pre daňové účely. Základné princípy a spôsoby zavádzania pravidiel FATCA. | ||
| 610 | 2 | 0 | |a USA |
| 610 | 2 | 0 | |a systémy daňové |
| 610 | 2 | 0 | |a úrady daňové |
| 610 | 2 | 0 | |a zdaňovanie |
| 610 | 2 | 0 | |a inštitúcie finančné |
| 610 | 2 | 0 | |a informácie |
| 610 | 2 | 0 | |a dane |
| 610 | 2 | 0 | |a klienti |
| 610 | 2 | 0 | |a zákony |
| 100 | 1 | |a Vlčková, Jana | |